Library Banner

The profession of dietetics (Record no. 83526)

MARC details
000 -LEADER
fixed length control field 00575nam a2200205Ia 4500
001 - CONTROL NUMBER
control field 71135
008 - FIXED-LENGTH DATA ELEMENTS--GENERAL INFORMATION
fixed length control field 160226s9999 xx 000 0 und d
020 ## - INTERNATIONAL STANDARD BOOK NUMBER
International Standard Book Number 9781284026085
040 ## - CATALOGING SOURCE
Transcribing agency PK-LaUMT
082 ## - DEWEY DECIMAL CLASSIFICATION NUMBER
Classification number 613.2023
Item number PAY-P
100 ## - MAIN ENTRY--PERSONAL NAME
Personal name Payne-Palacio, June R.
245 #4 - TITLE STATEMENT
Title The profession of dietetics
Remainder of title a team approach
Statement of responsibility, etc Payne-Palacio, June R.|Canter, Deborah D.
250 ## - EDITION STATEMENT
Edition statement 5th
260 ## - PUBLICATION, DISTRIBUTION, ETC. (IMPRINT)
Place of publication, distribution, etc Burlington,USA:
Name of publisher, distributor, etc Jones & Bartlett Learning,
Date of publication, distribution, etc 2014
300 ## - PHYSICAL DESCRIPTION
Extent 228 p.
546 ## - LANGUAGE NOTE
Language note EN
650 ## - SUBJECT ADDED ENTRY--TOPICAL TERM
Topical term or geographic name as entry element Dietetics-Education
700 ## - ADDED ENTRY--PERSONAL NAME
Personal name Canter, Deborah D.
942 ## - ADDED ENTRY ELEMENTS (KOHA)
Koha item type Books
Holdings
Withdrawn status Lost status Damaged status Not for loan Home library Current library Date acquired Total Checkouts Full call number Barcode Date last seen Date checked out Price effective from Koha item type
        UMT Main Campus UMT Main Campus 2016-02-26 2 613.2023 PAY-P 97738 2021-04-13 2020-10-01 2016-02-26 Books